000 00586nam a22002297a 4500
003 UA-OsUOA
001 136169
007 ta
008 20190311b un ||||| |||| 00| 0 ukr d
100 _aФіліна О.
700 _aКригер В.
090 _a908
_bФ68
942 _cSA
040 _aUA-OsUOA
_bukr
_cUA-OsUOA
_dUA-OsUOA
245 _aГройсман дасть 10 мільйонів на Острозьку академію
300 _aс.1 с.
955 _a0
041 _aukr
080 _a908
773 0 _w136142
650 7 _a908 Краєзнавство
_2UDC
999 _c420341
_d420341